<?xml version="1.0" encoding="UTF-8"?>
<record
    xmlns:xsi="http://www.w3.org/2001/XMLSchema-instance"
    xsi:schemaLocation="http://www.loc.gov/MARC21/slim http://www.loc.gov/standards/marcxml/schema/MARC21slim.xsd"
    xmlns="http://www.loc.gov/MARC21/slim">

  <leader>02854nam a22002057a 4500</leader>
  <controlfield tag="008">251020b        |||||||| |||| 00| 0 eng d</controlfield>
  <datafield tag="020" ind1=" " ind2=" ">
    <subfield code="a">9782260056515</subfield>
  </datafield>
  <datafield tag="040" ind1=" " ind2=" ">
    <subfield code="c">TBS</subfield>
  </datafield>
  <datafield tag="041" ind1=" " ind2=" ">
    <subfield code="a">fre</subfield>
  </datafield>
  <datafield tag="050" ind1=" " ind2=" ">
    <subfield code="a">PQ3989.2.T235</subfield>
    <subfield code="b">B37 2024</subfield>
  </datafield>
  <datafield tag="100" ind1=" " ind2=" ">
    <subfield code="a">Ta&#xEF;a, Abdellah</subfield>
    <subfield code="d">1973-</subfield>
    <subfield code="9">26205</subfield>
    <subfield code="e">author</subfield>
  </datafield>
  <datafield tag="245" ind1=" " ind2=" ">
    <subfield code="a">Le bastion des larmes</subfield>
    <subfield code="c">/ Abdellah Ta&#xEF;a.</subfield>
  </datafield>
  <datafield tag="260" ind1=" " ind2=" ">
    <subfield code="a">Paris : </subfield>
    <subfield code="b">Julliard,</subfield>
    <subfield code="c">2024.</subfield>
  </datafield>
  <datafield tag="300" ind1=" " ind2=" ">
    <subfield code="a">212 pages ;</subfield>
    <subfield code="c">21 cm.</subfield>
  </datafield>
  <datafield tag="520" ind1=" " ind2=" ">
    <subfield code="a">&#xC0; la mort de sa m&#xE8;re, Youssef, un professeur marocain exil&#xE9; en France depuis un quart de si&#xE8;cle, revient &#xE0; Sal&#xE9;, sa ville natale, &#xE0; la demande de ses s&#x153;urs, pour liquider l'h&#xE9;ritage familial. En lui, c'est tout un pass&#xE9; qui ressurgit, o&#xF9; se m&#xEA;lent inextricablement souffrances et bonheur de vivre.
&#xC0; travers lui, les voix du pass&#xE9; r&#xE9;sonnent et l'interpellent, dont celle de Najib, son ami et amant de jeunesse au destin tragique, happ&#xE9; par le trafic de drogue et la corruption d'un colonel de l'arm&#xE9;e du roi Hassan II. &#xC0; mesure que Youssef s'enfonce dans les ruelles de la ville actuelle, un monde perdu reprend forme, guett&#xE9; par la mis&#xE8;re et la violence, o&#xF9; la diff&#xE9;rence, sexuelle, sociale, se paie au prix fort. Fronti&#xE8;re ultime de ce roman splendide, le Bastion des Larmes, nom donn&#xE9; aux remparts de la vieille ville, &#xE0; l'ombre desquels Youssef a jadis fait une promesse &#xE0; Najib. " Notre pass&#xE9;... notre grande fiction ", m&#xE9;dite Youssef, tandis qu'il s'appr&#xEA;te &#xE0; entrer pleinement dans son h&#xE9;ritage, celui d'une enfance terrible, d'un amour absolu, aussi, pour ses s&#x153;urs magnifiques et sa m&#xE8;re disparue. </subfield>
  </datafield>
  <datafield tag="520" ind1=" " ind2=" ">
    <subfield code="a">After his mother&#x2019;s death, Youssef, a Moroccan professor who has lived in exile in France for twenty-five years, returns to Sal&#xE9;, his hometown, at his sisters&#x2019; request to settle the family estate. Within him, an entire past resurfaces&#x2014;one where suffering and the joy of living are inseparably intertwined.

Through him, the voices of the past echo and call out, including that of Najib, his childhood friend and former lover whose tragic fate was sealed by drug trafficking and the corruption of a colonel under King Hassan II. As Youssef wanders deeper into the narrow streets of the present-day city, a lost world takes shape once more&#x2014;one haunted by poverty and violence, where difference, whether sexual or social, comes at a heavy price.

The ultimate boundary of this magnificent novel is the Bastion of Tears, the name given to the old city walls, under whose shadow Youssef once made a promise to Najib. &#x201C;Our past&#x2026; our great fiction,&#x201D; Youssef reflects, as he prepares to fully embrace his inheritance&#x2014;that of a painful childhood, an all-consuming love, and the memory of his radiant sisters and departed mother.</subfield>
  </datafield>
  <datafield tag="650" ind1=" " ind2="0">
    <subfield code="a">Families</subfield>
    <subfield code="z">Morocco</subfield>
    <subfield code="z">Sal&#xE9;</subfield>
    <subfield code="v">Fiction</subfield>
    <subfield code="9">26206</subfield>
  </datafield>
  <datafield tag="650" ind1=" " ind2="0">
    <subfield code="a">Children</subfield>
    <subfield code="z">Morocco</subfield>
    <subfield code="z">Sal&#xE9;</subfield>
    <subfield code="v">Fiction</subfield>
    <subfield code="9">26207</subfield>
  </datafield>
  <datafield tag="942" ind1=" " ind2=" ">
    <subfield code="2">lcc</subfield>
  </datafield>
  <datafield tag="952" ind1=" " ind2=" ">
    <subfield code="0">0</subfield>
    <subfield code="1">0</subfield>
    <subfield code="2">lcc</subfield>
    <subfield code="4">0</subfield>
    <subfield code="7">0</subfield>
    <subfield code="a">TBS</subfield>
    <subfield code="b">TBS</subfield>
    <subfield code="d">2025-10-20</subfield>
    <subfield code="l">0</subfield>
    <subfield code="o">P-FR TAI</subfield>
    <subfield code="p">B07715</subfield>
    <subfield code="r">2025-10-20</subfield>
    <subfield code="t">1</subfield>
    <subfield code="w">2025-10-20</subfield>
    <subfield code="y">1</subfield>
  </datafield>
  <datafield tag="999" ind1=" " ind2=" ">
    <subfield code="c">5063</subfield>
    <subfield code="d">5063</subfield>
  </datafield>
</record>
